|
|
|
|
| LEADER |
00000cam a22000004a 4500 |
| 001 |
musev2_1121 |
| 003 |
MdBmJHUP |
| 005 |
20230905040158.0 |
| 006 |
m o d |
| 007 |
cr||||||||nn|n |
| 008 |
090824s2010 pau o 00 0 eng d |
| 010 |
|
|
|z 2009034735
|
| 020 |
|
|
|a 9780271075006
|
| 035 |
|
|
|a (OCoLC)780531466
|
| 040 |
|
|
|a MdBmJHUP
|c MdBmJHUP
|
| 050 |
0 |
4 |
|a BF378.S65
|b V58 2010
|
| 082 |
0 |
|
|a 153.1/25
|2 22
|
| 100 |
1 |
|
|a Vivian, Bradford.
|
| 245 |
1 |
0 |
|a Public Forgetting :
|b The Rhetoric and Politics of Beginning Again /
|c Bradford Vivian.
|
| 264 |
|
1 |
|a University Park, Pa. :
|b Pennsylvania State University Press,
|c 2010.
|
| 264 |
|
3 |
|a Baltimore, Md. :
|b Project MUSE,
|c 2012
|
| 264 |
|
4 |
|c ©2010.
|
| 300 |
|
|
|a 1 online resource (216 pages).
|
| 336 |
|
|
|a text
|b txt
|2 rdacontent
|
| 337 |
|
|
|a computer
|b c
|2 rdamedia
|
| 338 |
|
|
|a online resource
|b cr
|2 rdacarrier
|
| 504 |
|
|
|a Includes bibliographical references and index.
|
| 505 |
0 |
0 |
|g Introduction --
|t Forgetting in public life : an idiomatic history of the present --
|t The two rivers, past and present --
|t Forgetting without oblivion --
|t Public forgetting : alternate histories, new heuristics --
|t Hallowed ground, hollow memory : rhetorical form and commemorative politics on September 11, 2002 --
|t Historical forgetting : John W. Draper and the rhetorical dimensions of history --
|t Cultural forgetting : the "timeless now" of nomadic memories --
|t Moral and political forgetting : Abraham Lincoln's Gettysburg Address and Second Inaugural --
|g Conclusion.
|
| 520 |
|
|
|a "Reconsiders the negative status attributed to forgetting in both academic and popular discussions of public memory. Demonstrates how a community may adopt idioms of forgetting in order to create new and beneficial standards of public judgment concerning the lessons and responsibilities of its shared past"--Provided by publisher.
|
| 588 |
|
|
|a Description based on print version record.
|
| 650 |
|
0 |
|a Rhetoric.
|
| 650 |
|
0 |
|a Collective memory.
|
| 650 |
|
0 |
|a History
|x Philosophy.
|
| 650 |
|
0 |
|a Memory
|x Social aspects.
|
| 655 |
|
7 |
|a Electronic books.
|2 local
|
| 710 |
2 |
|
|a Project Muse.
|e distributor
|
| 830 |
|
0 |
|a Book collections on Project MUSE.
|
| 856 |
4 |
0 |
|z Texto completo
|u https://projectmuse.uam.elogim.com/book/1121/
|
| 945 |
|
|
|a Project MUSE - Custom Collection
|
| 945 |
|
|
|a Project MUSE - Archive Complete Foundation
|
| 945 |
|
|
|a Project MUSE - Archive Philosophy and Religion Foundation
|